00590nam a22001817a 450000500170000001000150001702000310003203500140006303700130007708200150009024500900010526000370019527001070023230000220033950000200036170000130038170000140039420220217162239.0 aENG-126440 a978-93-87324-81-7c1280.00 aEN-109972 bDBAD/PUB a355.033054 aMilitary strategy for India in the 21st century /cEdited by Ak Singh [and] BS Nagal aNew DelhibKnowledge worldc2019 bNew Delhia4676/21, First Floor, Ansari Road,Daryaganj e110002k+911123263498k43528107mkw@kwpub.com aXV352p.c23cm(hb) aIncludes Index  aAk Singh aBS, Nagal